| 000 | 00924nam a2200265 a 4500 | ||
|---|---|---|---|
| 001 | 000035652 | ||
| 003 | DO-SdBNP | ||
| 005 | 20241121085340.0 | ||
| 007 | 000035652 | ||
| 008 | 111107s2011 dr 000 0 spa d | ||
| 020 | _a9789945473506 | ||
| 040 |
_aBPMSU _bspa _cBPMSU |
||
| 082 | 4 |
_a923.27293 _bP438i 2011 _222 |
|
| 100 | 1 | _aPérez Pérez, Manuel Otilio | |
| 245 | 1 | 3 |
_aLa impronta indeleble de Tomás Bobadilla : _buno de los fundadores de la patria / _cManuel Otilio Pérez Pérez. |
| 260 |
_aSanto Domingo : _bSantuario, _c2011. _f |
||
| 300 |
_a211 p. ; _c23 cm. |
||
| 500 | _aIncluye datos biográficos del autor en la contracubierta | ||
| 504 | _aBibliografía : p. 209-210 | ||
| 590 | _aInventariado, 2024/VM | ||
| 600 | 1 | 4 |
_aBobadilla Briones, Tomás, _d1785-1871 _xVida política |
| 651 | 4 |
_a República Dominicana _xHistoria _y1844-1930 |
|
| 910 | _aVMateo V. Control de calidad BPMSU | ||
| 942 |
_2ddc _cBK |
||
| 999 |
_c8055 _d8055 |
||